| 000 | 00538nam a2200193 i 4500 | ||
|---|---|---|---|
| 001 | 29278 | ||
| 003 | ES-MaACL | ||
| 005 | 20230906154014.0 | ||
| 007 | t| | ||
| 008 | 030121s1962 sp ||||1| spa d | ||
| 100 | 1 |
_aBargueño, Pedro. _925644 |
|
| 245 | 1 | 0 |
_aMetáfora del barco y otros poemas / _cPedro Bargueño. |
| 260 |
_aGranada : _b[s.n., _c1962] ( _fImp. Guevara) |
||
| 300 |
_a67 p. ; _c22 cm. |
||
| 490 | 1 | _aVeleta al sur | |
| 830 | 0 |
_aVeleta al sur _9181882 |
|
| 852 |
_aES-MaACL _jC-22372 _bR.50617 |
||
| 999 |
_c29278 _d29278 |
||